[Event "Eq:Les Rois du Succes-Les enfants de l Atlantide :"]
[Site "www.echecsemail.com"]
[Date "2026.01.12"]
[Round "1"]
[White "Bassdark"]
[Black "Youliyouli"]
[WhiteElo "2040"]
[BlackElo "1880"]
[Result "1-0"]
1.e4 e5
2.Ng1f3 Nb8c6
3.Bf1c4 Bf8c5
4.b4 Bc5b6
5.Nb1c3 Nc6xb4
6.Nf3xe5 Qd8f6
7.Ne5f3 d6
8.a3 Nb4c6
9.Nc3d5 Qf6xa1
10.O-O Nc6e5
11.Nf3xe5 Qa1xe5
12.Nd5xb6 axb6
13.d4 Qe5f6
14.f4 Bc8g4
15.Qd1d3 c6
16.e5 Qf6d8
17.h3 d5
18.Bc4b3 Bg4d7
19.f5 Qd8c7
20.Bc1f4 Qc7c8
21.Qd3g3 g6
22.f6 h5
23.a4 Bd7e6
24.Rf1c1 c5
25.c4 dxc4
26.Bb3xc4 Ra8xa4
27.Bc4b5 Be6d7
28.Bb5xa4 Bd7xa4
29.Qg3a3 Ba4d7
30.dxc5 bxc5
31.Rc1xc5 Qc8d8
32.Rc5a5 Ng8h6
33.Ra5a8 Bd7c8
34.Qa3c1 O-O
35.Bf4xh6 Rf8e8
36.Kh2 Qd8d7
37.Bh6g7 Qd7e6
38.Qc1g5 Qe6xe5
39.Qg5xe5 { abandon }1-0

[Event "Défi"]
[Site "www.echecsemail.com"]
[Date "2026.01.12"]
[Round "1"]
[White "Marcrode"]
[Black "Bibisept"]
[WhiteElo "1360"]
[BlackElo "1990"]
[Result "0-1"]
1.e4 c6
2.c3 d5
3.d3 dxe4
4.h3 Bc8f5
5.d4 Ng8f6
6.Bc1e3 Nb8d7
7.g4 Bf5g6
8.f3 e5
9.dxe5 Nd7xe5
10.Nb1a3 b5
11.Qd1xd8 Kxd8
12.Ra1d1 Nf6d7
13.fxe4 Bg6xe4
14.Rh1h2 Bf8e7
15.b4 Kc7
16.Rh2f2 Be7h4
17.Ke2 Bh4xf2
18.Kxf2 Rh8f8
19.Na3c2 Be4xc2
20.Rd1d4 a5
21.Rd4d2 Bc2a4
22.Bf1e2 Ne5c4
23.Be2xc4 bxc4
24.Be3f4 Kc8
25.Bf4e3 f5
26.Kg3 fxg4
27.hxg4 Rf8f7
28.Rd2d4 Ba4b5
29.Rd4e4 Kb7
30.Re4d4 Nd7e5
31.Be3f4 Ne5d3
32.Ng1e2 axb4
33.Kf3 g5
{ abandon }0-1

[Event "Défi"]
[Site "www.echecsemail.com"]
[Date "2026.01.12"]
[Round "1"]
[White "Kerenor"]
[Black "Solnic"]
[WhiteElo "1600"]
[BlackElo "1270"]
[Result "0-1"]
1.e4 e5
2.Ng1f3 d6
3.d4 Ng8f6
4.dxe5 Nf6xe4
5.Bf1d3 Ne4c5
6.exd6 Qd8xd6
7.O-O h6
8.Rf1e1 Bf8e7
9.Nb1c3 Bc8g4
10.Qd1e2 Nb8c6
11.Bd3b5 a6
12.Bb5c4 O-O
13.Bc1e3 Nc6a5
14.Re1d1 Qd6g6
15.Bc4d5 c6
16.h3 Bg4f5
17.Nf3e5 Qg6f6
18.Be3f4 Ra8d8
19.Bd5f3 Rd8e8
20.b4 Nc5e6
21.Bf4g3 b5
22.Ne5d7 Qf6xc3
23.Nd7xf8 Be7xf8
24.bxa5 g5
25.Bg3e5 Ne6d4
26.Qe2e3 Qc3xe3
27.Be5xd4 Qe3f4
28.Bf3xc6 Re8c8
29.g3 Qf4c7
30.Bc6d5 Qc7xc2
31.Bd5b3 Qc2e4
32.Bd4e3 Bf5xh3
33.Bb3d5 Qe4f5
34.Bd5g2 Bh3g4
35.Rd1d4 Bf8c5
36.Rd4d5 Qf5c2
37.Be3xc5 Rc8xc5
38.Rd5d8 Kg7
39.Bg2d5 Qc2c3
40.Bd5b3 Qc3b2
41.Ra1e1 Rc5f5
42.Re1f1 Bg4h3
43.Rd8d6 Bh3xf1
{ abandon }0-1

[Event "Défi( 10J+24H/c 10J Max )"]
[Site "www.echecsemail.com"]
[Date "2026.01.12"]
[Round "1"]
[White "Tiounet"]
[Black "Vb83"]
[WhiteElo "1640"]
[BlackElo "1440"]
[Result "1-0"]
1.a3 g6
2.b4 Bf8g7
3.Nb1c3 d5
4.Bc1b2 d4
5.Nc3e4 e5
6.g3 Bc8f5
7.Bf1g2 Qd8d5
8.Ne4f6 Ng8xf6
9.Bg2xd5 Nf6xd5
10.Ng1f3 Bf5h3
11.Nf3g5 Bh3f5
12.O-O h6
13.Ng5f3 O-O
14.d3 Nb8d7
15.Ra1c1 b5
16.c3 c5
17.bxc5 Nd7xc5
18.cxd4 exd4
19.Bb2xd4 Nc5e6
20.Bd4xg7 Kxg7
21.Nf3e5 Ra8d8
22.Qd1b3 a6
23.Rc1c6 Ne6d4
24.Qb3a2 Nd4xc6
25.Ne5xc6 Rd8d6
26.Nc6e5 Nd5c3
27.Qa2c2 Nc3a4
28.Kg2 Rf8c8
29.Qc2b1 Na4c3
30.Qb1b2 Rd6e6
31.Ne5f3 Re6xe2
32.Qb2a1 Bf5xd3
33.Rf1c1 Re2c2
34.Rc1xc2 Bd3xc2
35.Nf3d4 Bc2e4
36.Kg1 Nc3e2
37.Nd4xe2 f6
38.Ne2f4 Rc8c4
39.Nf4e6 Kf7
40.Ne6d8 Kg7
41.Nd8e6 Kf7
42.Ne6f4 Be4f5
43.Nf4d5 Rc4d4
44.Qa1xd4 { abandon }1-0

[Event "Tournoi n27290"]
[Site "www.echecsemail.com"]
[Date "2026.01.12"]
[Round "1"]
[White "Lancien57"]
[Black "Aramis"]
[WhiteElo "1500"]
[BlackElo "1590"]
[Result "1/2-1/2"]
1.e4 e5
2.Ng1f3 d6
3.Nb1c3 h6
4.d4 exd4
5.Nf3xd4 c5
6.Nd4f3 Ng8f6
7.Bf1e2 Bf8e7
8.h3 O-O
9.O-O a6
10.b3 Nb8d7
11.Bc1b2 Rf8e8
12.Be2d3 Be7f8
13.Nc3d5 Nd7e5
14.Bb2xe5 dxe5
15.Nd5xf6 Qd8xf6
16.c4 Bf8d6
17.Nf3h2 Qf6g5
18.Nh2f3 Qg5g6
19.Nf3h4 Qg6g5
20.Nh4f3 Qg5f4
21.Nf3h2 Qf4g5
22.Nh2f3 Qg5f4
23.g3 Qf4f6
24.Kg2 Qf6e6
25.Rf1e1 Qe6xh3
26.Kg1 Bc8g4
27.Re1e3 Qh3h5
28.Bd3e2 Ra8d8
29.Nf3h2 Bg4xe2
30.Re3xe2 Bd6c7
31.Qd1e1 Rd8d4
32.Kg2 Qh5g6
33.f3 Rd4d7
34.Qe1f1 f5
35.exf5 Qg6xf5
36.Ra1e1 Rd7e7
37.Re2e4 Qf5f6
38.Nh2g4 Qf6f5
39.Ng4e3 Qf5g6
40.Ne3g4 h5
41.Ng4xe5 Bc7xe5
42.f4 h4
43.Qf1f3 hxg3
44.fxe5 Qg6g5
45.Qf3xg3 Qg5xg3
46.Kxg3 Kf7
47.Re4f4 Kg6
48.Kg4 Re7xe5
49.Re1xe5 Re8xe5
50.a3 Re5g5
51.Kf3 b5
52.cxb5 axb5
53.Ke4 c4
54.bxc4 bxc4
55.Kf3 Rg5c5
56.Rf4g4 Kf7
57.a4 c3
58.Rg4f4 Ke6
59.Rf4e4 Kd5
60.Re4e1 Kc6
61.Re1c1 Kb6
62.Ke4 Ka5
63.Kd4 Rc5c7
64.Rc1xc3 Rc7d7
65.Ke4 Kxa4
66.Rc3c4 Kb5
67.Rc4c1 Rd7e7
68.Kf5 Re7e8
69.Kg6 Re8e7
70.Rc1b1 Kc6
71.Rb1c1 Kd5
72.Rc1d1 Kc6
73.Rd1c1 Kd7
74.Rc1d1 Ke8
75.Kh7 Kf8
76.Rd1f1 Ke8
77.Kg6 Kd7
78.Rf1f7 Re7xf7
79.Kxf7 Kd8
80.Kxg7 1/2-1/2

[Event "Défi( 10J+24H/c 10J Max )"]
[Site "www.echecsemail.com"]
[Date "2026.01.12"]
[Round "1"]
[White "Patau"]
[Black "Jeff75019"]
[WhiteElo "1700"]
[BlackElo "1450"]
[Result "1/2-1/2"]
1.e4 e5
2.f4 exf4
3.Ng1f3 Nb8c6
4.d4 Ng8f6
5.e5 Nf6d5
6.Bf1c4 Nd5e3
7.Bc1xe3 fxe3
8.O-O Bf8b4
9.c3 Bb4e7
10.Qd1e2 O-O
11.Qe2xe3 Qd8e8
12.Nb1d2 d6
13.Nd2e4 h6
14.Ra1e1 Bc8f5
15.exd6 cxd6
16.Bc4d3 f6
17.Nf3h4 Bf5e6
18.Nh4f5 d5
19.Nf5xe7 Nc6xe7
20.Ne4c5 Be6f5
21.Qe3xe7 b6
22.Qe7xe8 Ra8xe8
23.Re1xe8 Rf8xe8
24.Bd3xf5 bxc5
25.Kf2 Kf7
26.dxc5 g6
27.Bf5d7 Re8e7
28.c6 f5
29.Rf1e1 Re7e4
30.Re1xe4 dxe4
31.c7 f4
32.c8Q e3
33.Ke2 g5
34.Qc8e8 Kf6
35.Qe8e6 Kg7
36.Bd7e8 h5
37.Qe6g6 { nul }1/2-1/2

[Event "Tournoi n27378"]
[Site "www.echecsemail.com"]
[Date "2026.01.12"]
[Round "1"]
[White "Odemevol"]
[Black "Verson"]
[WhiteElo "1930"]
[BlackElo "1870"]
[Result "1-0"]
1.d4 d5
2.Ng1f3 Ng8f6
3.c4 c6
4.Nb1c3 e6
5.a3 Bf8d6
6.e3 Nb8d7
7.Bf1d3 O-O
8.c5 Bd6c7
9.b4 e5
10.e4 exd4
11.Nf3xd4 Nd7e5
12.Bd3c2 Rf8e8
13.O-O dxe4
14.Nc3xe4 Nf6xe4
15.Bc2xe4 Qd8f6
16.Qd1c2 h6
17.Bc1b2 Ne5g4
18.Nd4f3 Qf6e7
19.Rf1e1 Bc8e6
20.Be4f5 Qe7d7
21.Ra1d1 Be6xf5
22.Rd1xd7 Bf5xc2
23.Re1xe8 Ra8xe8
24.Rd7xc7 Re8e2
25.Bb2d4 Bc2e4
26.h3 Be4xf3
27.gxf3 Ng4e5
28.Kf1 Re2a2
29.Bd4xe5 Ra2xa3
30.Rc7xb7 Ra3xf3
31.Kg2 Rf3a3
32.Be5c7 Ra3a4
33.Bc7a5 { abandon }1-0

[Event "Tournoi échelle division 1"]
[Site "www.echecsemail.com"]
[Date "2026.01.12"]
[Round "1"]
[White "Verson"]
[Black "Tahar"]
[WhiteElo "1840"]
[BlackElo "2020"]
[Result "0-1"]
1.d4 d5
2.Ng1f3 Ng8f6
3.e3 e6
4.Bf1d3 Bf8e7
5.Nb1d2 Nb8d7
6.O-O O-O
7.b3 a6
8.Bc1b2 b5
9.e4 dxe4
10.Nd2xe4 Bc8b7
11.Qd1e2 Nf6xe4
12.Bd3xe4 Bb7xe4
13.Qe2xe4 Nd7f6
14.Qe4e2 Nf6d5
15.c4 bxc4
16.bxc4 Nd5f4
17.Qe2e4 Nf4g6
18.Rf1d1 Qd8c8
19.d5 exd5
20.cxd5 Rf8e8
21.Rd1e1 Qc8d7
22.Ra1c1 Be7f6
23.Qe4c2 Re8xe1
24.Nf3xe1 Bf6xb2
25.Qc2xb2 Qd7xd5
26.Rc1xc7 Qd5a5
27.Rc7c1 Ra8e8
28.Ne1f3 Ng6h4
29.h3 Nh4xf3
30.gxf3 f6
31.Qb2b3 Kf8
32.Qb3d3 Qa5g5
33.Kf1 Qg5xc1
34.Kg2 Re8e5
{ abandon }0-1

[Event "Défi"]
[Site "www.echecsemail.com"]
[Date "2026.01.12"]
[Round "1"]
[White "Calcedoine"]
[Black "Khamis"]
[WhiteElo "1800"]
[BlackElo "1830"]
[Result "0-1"]
1.c3 c5
2.e4 Nb8c6
3.Ng1f3 d6
4.d4 cxd4
5.cxd4 e6
6.Nb1c3 g6
7.d5 exd5
8.exd5 Nc6e7
9.Bf1c4 Bc8g4
10.Qd1a4 Bg4d7
11.Bc4b5 Ng8f6
12.Bb5xd7 Nf6xd7
13.Bc1g5 Bf8g7
14.O-O O-O
15.Rf1e1 Rf8e8
16.Qa4b4 Nd7c5
17.Ra1d1 h6
18.Bg5e3 a5
19.Qb4f4 b6
20.Nc3b5 Nc5b7
21.h4 Ne7f5
22.h5 Nf5xe3
23.hxg6 fxg6
24.fxe3 Re8f8
25.Qf4g3 g5
26.Nb5d4 Nb7c5
27.e4 Rf8f4
28.Nd4f5 Bg7f8
29.Rd1d4 Kh7
30.Kf2 Ra8c8
31.Ke3 Qd8f6
32.Re1h1 Kg8
33.Rh1h4 Rf4xh4
34.Nf3xh4 Kh7
35.Nh4f3 Rc8e8
36.Nf3h2 Qf6xf5
37.Qg3g4 Qf5f6
38.Nh2f3 Bf8g7
39.Qg4h3 Qf6f4
40.Kf2 Bg7xd4
41.Kf1 Re8f8
42.Ke1 Nc5d3
{ abandon }0-1

[Event "Défi"]
[Site "www.echecsemail.com"]
[Date "2026.01.12"]
[Round "1"]
[White "Speedyfil"]
[Black "Castor"]
[WhiteElo "1450"]
[BlackElo "1350"]
[Result "1-0"]
1.d4 Ng8f6
2.Ng1f3 d5
3.Bc1f4 Nb8c6
4.e3 e6
5.Bf1d3 Bf8e7
6.Nb1d2 O-O
7.O-O a6
8.Nf3e5 Nc6b4
9.c3 Nb4c6
10.h3 b5
11.Ne5xc6 Qd8e8
12.Nc6e5 Bc8b7
13.Bf4h2 c5
14.a3 g6
15.f4 Ra8c8
16.h4 c4
17.Bd3c2 Nf6d7
18.Rf1f3 f6
19.Ne5g4 Kg7
20.Rf3g3 f5
21.Ng4e5 Nd7b6
22.h5 Rf8g8
23.h6 Kxh6
24.Rg3h3 Kg7
25.Qd1f3 Rc8b8
26.Ra1f1 Nb6a4
27.b4 Na4xc3
28.Rh3g3 Rb8a8
29.Rg3h3 Be7f6
30.g4 a5
31.g5 Bf6e7
32.Kh1 axb4
33.Nd2b1 Nc3a2
34.axb4 Na2xb4
35.Bc2d1 Rg8h8
36.Nb1c3 Ra8a3
37.Nc3e2 Qe8a8
38.Rh3h4 h5
39.Ne2g3 Bb7a6
40.Bh2g1 Nb4d3
41.Bd1c2 b4
42.e4 b3
43.Bc2b1 Ba6b7
44.exf5 Nd3xe5
45.f6 Be7xf6
46.gxf6 Kxf6
47.fxe5 Kg5
48.Qf3f4 1-0

[Event "Eq:modesty-au plaisir du jeux  :"]
[Site "www.echecsemail.com"]
[Date "2026.01.12"]
[Round "1"]
[White "Zax"]
[Black "Chessgaston"]
[WhiteElo "2260"]
[BlackElo "2140"]
[Result "1/2-1/2"]
1.e4 c5
2.d4 cxd4
3.c3 dxc3
4.Nb1xc3 Nb8c6
5.Ng1f3 Ng8f6
6.Bf1c4 e6
7.O-O d6
8.Qd1e2 Bf8e7
9.Rf1d1 e5
10.Bc1e3 O-O
11.b4 a6
12.a3 Bc8d7
13.Ra1c1 Ra8c8
14.Bc4a2 b5
15.Nc3d5 Nf6xd5
16.Ba2xd5 Qd8e8
17.Rc1c3 Nc6d4
18.Be3xd4 exd4
19.Rc3xc8 Qe8xc8
20.Nf3xd4 Be7f6
21.Qe2d2 Qc8c7
22.Rd1c1 Qc7a7
23.Nd4b3 Bf6e5
24.Nb3a5 Qa7d4
25.Qd2xd4 Be5xd4
26.Na5c6 Bd4b2
27.Nc6e7 Kh8
28.Rc1c7 Bd7e6
29.a4 bxa4
30.Rc7a7 a3
31.Ra7xa6 Be6xd5
32.Ne7xd5 h6
33.g4 Rf8c8
34.Kf1 Rc8c2
35.b5 Bb2d4
36.Ra6xa3 Rc2xf2
37.Ke1 Rf2b2
38.Ra3a5 Rb2xh2
39.Kd1 Rh2b2
40.Kc1 Rb2g2
41.Ra5a4 Bd4c5
42.b6 Bc5xb6
43.Nd5xb6 Rg2xg4
44.Kd2 h5
45.Ke3 g5
46.Ra4a1 Kg7
47.Nb6d5 h4
48.Ra1f1 Rg4g3
49.Rf1f3 Rg3xf3
50.Kxf3 Kg6
51.Kg4 f6
52.Nd5e3 Kf7
53.Kf5 Ke7
54.Ne3g4 h3
55.Ng4h2 { nul }1/2-1/2

[Event "Tournoi n27383"]
[Site "www.echecsemail.com"]
[Date "2026.01.12"]
[Round "1"]
[White "Tiounet"]
[Black "Vvvv"]
[WhiteElo "1640"]
[BlackElo "1690"]
[Result "0-1"]
1.a3 e5
2.b4 d5
3.Bc1b2 Nb8d7
4.Ng1f3 Bf8d6
5.g3 Ng8f6
6.Bf1g2 O-O
7.O-O Rf8e8
8.d3 c5
9.bxc5 Nd7xc5
10.Nb1d2 b5
11.c4 bxc4
12.dxc4 Bc8b7
13.cxd5 Nf6xd5
14.Ra1c1 Nd5b6
15.Nd2c4 Nb6xc4
16.Rc1xc4 Qd8b6
17.Qd1c2 Bb7xf3
18.Bg2xf3 Ra8c8
19.Rf1b1 Qb6c7
20.Rb1c1 Qc7a5
21.Bf3g4 Rc8c7
22.Qc2f5 Re8e6
23.Rc4b4 Rc7e7
24.Qf5c2 Re6g6
25.Bg4f5 Rg6h6
26.Rb4g4 g6
27.Bf5c8 Rh6h5
28.Rg4c4 Re7c7
29.Bc8g4 Rh5g5
30.Bg4f3 Rg5f5
31.Bf3g4 Rf5g5
32.Bg4f3 Nc5e6
33.Rc4xc7 Bd6xc7
34.Qc2c6 Kg7
35.Bf3d5 Ne6d4
36.Bb2xd4 exd4
37.Bd5f3 Bc7b6
38.Rc1a1 Rg5c5
39.Qc6e4 Qa5c3
40.Ra1d1 Rc5a5
41.Rd1d3 Qc3c1
42.Kg2 Qc1c7
43.Rd3b3 Ra5e5
44.Qe4a8 Qc7c5
45.Qa8c6 Qc5e7
46.Rb3d3 Re5c5
47.Rd3xd4 Rc5xc6
{ abandon }0-1

[Event "Défi"]
[Site "www.echecsemail.com"]
[Date "2026.01.12"]
[Round "1"]
[White "Albescab"]
[Black "Khamis"]
[WhiteElo "1650"]
[BlackElo "1920"]
[Result "0-1"]
1.e4 c5
2.Bf1c4 d6
3.Qd1f3 Ng8f6
4.Ng1h3 e6
5.b3 Bf8e7
6.Nb1c3 O-O
7.d3 Nb8c6
8.O-O Nc6d4
9.Qf3f4 Nd4xc2
10.Ra1b1 a6
11.e5 dxe5
12.Qf4xe5 b5
13.Bc4xb5 axb5
14.Nc3xb5 Nf6d7
15.Qe5e4 Bc8a6
16.a4 Nd7f6
17.Qe4h4 Qd8xd3
18.Bc1g5 Ba6b7
19.Nh3f4 Qd3e4
20.Nb5c7 e5
21.Nf4h5 Qe4xg2
0-1

[Event "Coupe Niveau 1"]
[Site "www.echecsemail.com"]
[Date "2026.01.12"]
[Round "1"]
[White "Samjf"]
[Black "Jeff75019"]
[WhiteElo "1340"]
[BlackElo "1440"]
[Result "1-0"]
1.e4 e5
2.Qd1f3 Ng8f6
3.d4 Nb8c6
4.Bf1c4 Nc6xd4
5.Qf3d3 h6
6.Bc1e3 Nd4c6
7.Qd3b3 Qd8e7
8.Ng1e2 Qe7b4
9.c3 Qb4xb3
10.Bc4xb3 Nc6b4
11.Be3d2 Nb4c2
12.Bb3xc2 Bf8c5
13.O-O O-O
14.Bd2e1 d6
15.Nb1d2 Bc8g4
16.Ne2c1 d5
17.Nc1d3 Bc5d6
18.c4 d4
19.c5 Bd6e7
20.b4 c6
21.Nd2c4 Bg4e2
22.Nc4xe5 Kh7
23.Nd3f4 Be2xf1
24.Kxf1 Ra8d8
25.Ne5f3 Nf6g4
26.e5 g6
27.Nf4h5 Kh8
28.h3 gxh5
29.hxg4 hxg4
30.Nf3d2 f6
31.e6 d3
32.Bc2b3 f5
33.f3 h5
34.Be1g3 Rf8g8
35.Bg3e5 Kh7
36.Ra1d1 gxf3
37.Nd2xf3 b6
38.Be5c7 Rd8d5
39.cxb6 Rd5b5
40.Rd1xd3 Rb5xb4
41.Rd3d7 Rg8g7
42.Bb3c2 Kg6
43.Bc7e5 Rg7h7
44.a3 Rb4xb6
45.Nf3d4 h4
46.Bc2xf5 Kh6
47.Be5f4 Be7g5
48.Rd7xh7 1-0

[Event "Transval 2"]
[Site "www.echecsemail.com"]
[Date "2026.01.12"]
[Round "1"]
[White "Fouvolant"]
[Black "Abelito"]
[WhiteElo "1370"]
[BlackElo "1580"]
[Result "0-1"]
1.e4 e5
2.Ng1f3 Nb8c6
3.Bf1c4 Ng8f6
4.Nf3g5 d5
5.exd5 Nf6xd5
6.d4 Nc6xd4
7.c3 h6
8.Ng5xf7 Kxf7
9.cxd4 e4
10.Qd1h5 g6
11.Qh5xd5 Qd8xd5
12.Bc4xd5 Kg7
13.Bd5xe4 Bf8b4
14.Nb1c3 Rh8e8
15.f3 Bc8f5
16.O-O c5
17.dxc5 Bb4xc5
18.Kh1 Re8f8
19.Bc1f4 a6
20.Bf4e5 Kh7
21.Be4xb7 Ra8a7
22.Bb7d5 Rf8e8
23.f4 h5
24.a3 Bf5d3
25.Rf1d1 Bd3f5
26.h3 Kh6
27.Bd5f3 Re8e6
28.Ra1c1 Bc5e3
29.g4 hxg4
{ abandon }0-1

[Event "Défi"]
[Site "www.echecsemail.com"]
[Date "2026.01.12"]
[Round "1"]
[White "Lancov"]
[Black "Tinenfant"]
[WhiteElo "1930"]
[BlackElo "1870"]
[Result "1/2-1/2"]
1.e4 e6
2.d4 d5
3.e5 c5
4.c3 Nb8c6
5.Ng1f3 Qd8b6
6.Bf1d3 Bc8d7
7.Bd3c2 Ra8c8
8.Nb1d2 cxd4
9.cxd4 Bf8e7
10.Nd2b3 Nc6b4
11.Bc2b1 Qb6c6
12.O-O Nb4c2
13.Bb1xc2 Qc6xc2
14.Qd1xc2 Rc8xc2
15.Ra1b1 f6
16.Bc1e3 a6
17.a3 h5
18.Nb3a5 b5
19.Rf1c1 Rc2xc1
20.Rb1xc1 fxe5
21.Nf3xe5 Ng8f6
22.Na5c6 Bd7xc6
23.Ne5xc6 Be7d6
24.Nc6e5 O-O
25.Rc1c6 Bd6xe5
26.dxe5 Nf6g4
27.Be3d4 Rf8f4
28.Bd4c3 Ng4xf2
29.Rc6xe6 Nf2d3
30.Re6xa6 d4
31.Bc3d2 Rf4e4
32.h3 Re4xe5
33.b4 Nd3b2
34.Ra6a8 Kf7
35.Ra8d8 Nb2c4
36.Rd8xd4 Nc4xa3
37.Rd4d7 Re5e7
38.Rd7xe7 Kxe7
39.Kf2 Na3c4
40.Bd2e1 g6
41.Ke2 Ke6
42.Kd3 Kd5
43.h4 Nc4e5
44.Kc3 Ne5g4
45.Be1d2 Ke4
46.Bd2g5 Ng4f2
47.Bg5h6 Nf2g4
{ nul }1/2-1/2

[Event "Défi"]
[Site "www.echecsemail.com"]
[Date "2026.01.12"]
[Round "1"]
[White "Steflam"]
[Black "Mc2108"]
[WhiteElo "1160"]
[BlackElo "1320"]
[Result "1-0"]
1.e4 e5
2.Bf1c4 Ng8f6
3.d3 Nb8c6
4.Ng1f3 Bf8c5
5.O-O O-O
6.Bc1g5 Qd8e7
7.Nb1d2 h6
8.Bg5xh6 gxh6
9.a3 Nf6g4
10.c3 Qe7g5
11.Nf3xg5 Ng4xf2
12.Rf1xf2 hxg5
13.Qd1g4 Bc5xf2
14.Kxf2 a5
15.Qg4xg5 Kh7
16.Nd2f3 d6
17.Qg5f6 Bc8d7
18.Kg1 Ra8e8
19.Nf3g5 Kg8
20.Qf6h6 Bd7f5
21.exf5 b6
22.Qh6h7 1-0

[Event "Défi( 10J+24H/c 10J Max )"]
[Site "www.echecsemail.com"]
[Date "2026.01.12"]
[Round "1"]
[White "Janolapin"]
[Black "Pourquoipas"]
[WhiteElo "1740"]
[BlackElo "1650"]
[Result "1-0"]
1.e4 e5
2.Ng1f3 Nb8c6
3.d4 d5
4.exd5 Qd8xd5
5.c3 Ng8f6
6.Bf1e2 Bf8d6
7.dxe5 Nc6xe5
8.O-O O-O
9.Nf3xe5 Bd6xe5
10.Bc1e3 Bc8e6
11.Nb1d2 Qd5d6
12.g3 Be6h3
13.Rf1e1 b6
14.Be2f1 Bh3g4
15.f3 Bg4d7
16.Nd2b3 Qd6c6
17.Be3f2 Rf8e8
18.Bf1g2 Ra8d8
19.Qd1c2 Re8e6
20.Ra1d1 Nf6d5
21.Bg2h3 Re6e7
22.Bh3g2 Qc6a4
23.Rd1xd5 Rd8e8
24.Rd5d1 Qa4xa2
25.Rd1a1 Be5xc3
26.Re1xe7 Qa2xb2
27.Re7xe8 Bd7xe8
28.Qc2xb2 Bc3xb2
29.Ra1xa7 c5
30.Ra7b7 c4
31.Rb7xb6 h6
32.Nb3d2 c3
33.Rb6xb2 cxb2
34.Nd2b1 f6
35.f4 Be8g6
36.Bf2d4 Bg6xb1
37.Bd4xb2 Kh7
38.Kf2 Kg6
39.Ke3 f5
40.h3 Bb1c2
41.g4 Kh7
42.Bg2f1 g6
43.Bf1d3 Bc2d1
44.gxf5 g5
45.fxg5 hxg5
46.f6 Kg8
47.Bd3c4 Kf8
48.f7 Bd1h5
49.Bb2a3 { abandon }1-0

[Event "Tournoi n27306"]
[Site "www.echecsemail.com"]
[Date "2026.01.12"]
[Round "1"]
[White "Jlr"]
[Black "Hermite"]
[WhiteElo "1360"]
[BlackElo "1500"]
[Result "1-0"]
1.e4 e5
2.Ng1f3 d6
3.Bf1c4 Ng8f6
4.Nf3g5 h6
5.Ng5xf7 Qd8d7
6.Nf7xh8 Nf6xe4
7.Qd1h5 Kd8
8.Nh8f7 Ke7
9.Qh5h4 Ke8
10.Qh4xe4 Nb8c6
11.Qe4g6 Qd7e7
12.Nf7xd6 Kd7
13.Qg6f5 Kd8
14.Nd6f7 Ke8
15.Qf5g6 Nc6d8
16.Nf7xe5 Nd8f7
17.Bc4xf7 Kd8
18.Qg6d3 Bc8d7
19.Qd3xd7 Qe7xd7
20.Ne5xd7 Kxd7
21.O-O Ra8d8
22.d3 Kc8
23.Bc1f4 g5
24.Bf4e5 Kb8
25.Be5f6 Rd8d6
26.Bf6e5 Rd6d7
27.Bf7h5 a6
28.Bh5e8 Rd7e7
29.Rf1e1 Re7xe8
30.Nb1c3 Re8d8
31.Be5f6 Rd8c8
32.a3 Bf8d6
33.Nc3d5 Rc8g8
34.g3 h5
35.Nd5c3 g4
36.Nc3d5 c6
37.Nd5b6 Ka7
38.Bf6d4 c5
39.Nb6c4 cxd4
40.Nc4xd6 Rg8g7
41.Kg2 Rg7h7
42.Re1e8 Rh7c7
43.Ra1c1 h4
44.gxh4 Rc7d7
45.Nd6c8 { abandon }1-0

[Event "Défi"]
[Site "www.echecsemail.com"]
[Date "2026.01.12"]
[Round "1"]
[White "Woluwe1975"]
[Black "Tiounet"]
[WhiteElo "1640"]
[BlackElo "1620"]
[Result "1-0"]
1.g3 g6
2.Bf1g2 Bf8g7
3.d4 Ng8f6
4.c3 O-O
5.e4 Nb8c6
6.Bc1e3 b6
7.Nb1d2 Bc8b7
8.Qd1c2 d6
9.Ng1e2 Nf6d7
10.O-O-O a5
11.Nd2b1 e6
12.Bg2f3 Nc6e7
13.h4 Ra8c8
14.h5 c5
15.dxc5 bxc5
16.Rd1xd6 Bg7e5
17.Rd6d1 Qd8c7
18.h6 f5
19.Ne2f4 Qc7b6
20.Rd1xd7 fxe4
21.Bf3xe4 Bb7xe4
22.Qc2xe4 Be5h8
23.Rd7xe7 Qb6d6
24.Qe4xe6 Qd6xe6
25.Re7xe6 c4
26.Rh1d1 a4
27.Rd1d7 Rc8c5
28.Be3xc5 { abandon }1-0

[Event "Tournoi n27328"]
[Site "www.echecsemail.com"]
[Date "2026.01.12"]
[Round "1"]
[White "Jlr"]
[Black "Samjf"]
[WhiteElo "1370"]
[BlackElo "1340"]
[Result "1-0"]
1.e4 Nb8c6
2.Nb1c3 e6
3.a3 Bf8d6
4.b4 Bd6e5
5.d4 Be5d6
6.e5 Nc6e7
7.exd6 cxd6
8.Bf1d3 d5
9.Bc1f4 d6
10.Qd1g4 g6
11.Bd3b5 Bc8d7
12.Bf4xd6 Ne7f5
13.Ng1f3 a6
14.Bb5xd7 Qd8xd7
15.Bd6e5 f6
16.Be5f4 Qd7c6
17.Bf4d2 Ng8e7
18.a4 Qc6c4
19.Nc3e2 Nf5h6
20.Qg4xe6 Qc4xc2
21.Ne2c3 Qc2d3
22.Nf3e5 Nh6f5
23.Ne5xd3 Nf5xd4
24.O-O Nd4xe6
25.Rf1e1 b6
26.Re1xe6 Kd7
27.Re6xb6 Rh8f8
28.Bd2f4 Ne7c8
29.Nd3c5 Ke8
30.Rb6e6 Kf7
31.b5 a5
32.Re6c6 Nc8e7
33.Rc6e6 Ne7f5
34.Re6b6 Nf5d4
35.Rb6b7 Kg8
36.Ra1e1 Nd4c2
37.Re1e7 Ra8c8
38.Bf4d6 d4
39.Nc3e4 Rc8d8
40.Re7xh7 Rf8e8
41.Rb7g7 1-0

[Event "Défi( 10J+24H/c 10J Max )"]
[Site "www.echecsemail.com"]
[Date "2026.01.12"]
[Round "1"]
[White "Vb83"]
[Black "Cocola34"]
[WhiteElo "1440"]
[BlackElo "1640"]
[Result "0-1"]
1.e4 h5
2.d3 e5
3.Ng1f3 f6
4.Nb1c3 c6
5.Bf1e2 g6
6.O-O d6
7.h3 Bf8g7
8.a3 b5
9.b4 Ng8e7
10.a4 a6
11.axb5 cxb5
12.Nc3xb5 Qd8b6
13.c4 Bc8b7
14.Nb5c3 Qb6xb4
15.Nc3d5 Ne7xd5
16.cxd5 Qb4c3
17.Bc1d2 Qc3c8
18.Qd1a4 Nb8d7
19.Ra1c1 Qc8d8
20.Bd2a5 Qd8e7
21.Rc1c7 Ra8b8
22.Rf1c1 O-O
23.Rc7xd7 Qe7e8
24.Rc1c7 Rf8f7
25.Rc7xb7 Rb8xb7
26.Rd7xb7 Qe8xa4
27.Rb7xf7 Kxf7
28.Ba5c7 Bg7f8
29.Kh2 g5
30.Nf3g1 Kg6
31.g3 Qa4b4
32.Ng1f3 a5
33.d4 exd4
34.g4 hxg4
35.hxg4 a4
{ abandon }0-1

[Event "Défi"]
[Site "www.echecsemail.com"]
[Date "2026.01.12"]
[Round "1"]
[White "Castor"]
[Black "Fr7d"]
[WhiteElo "1330"]
[BlackElo "1640"]
[Result "0-1"]
1.d4 Ng8f6
2.c4 d5
3.Nb1c3 e6
4.b3 Bf8d6
5.Bc1g5 h6
6.Bg5e3 O-O
7.c5 Bd6e7
8.Be3f4 Nb8c6
9.e3 b6
10.Nc3a4 bxc5
11.dxc5 Bc8d7
12.f3 Nc6b4
13.Qd1d2 Nb4c6
14.Bf1d3 e5
15.Bf4g3 e4
16.Bd3e2 Bd7e6
17.Ng1h3 exf3
18.Be2xf3 Qd8c8
19.O-O Be6xh3
20.gxh3 Qc8xh3
21.Bf3g2 Qh3g4
22.Bg3xc7 Ra8c8
23.Bc7g3 Rc8d8
24.Rf1f4 Qg4e6
25.Rf4h4 Nf6e4
26.Bg3c7 Ne4xd2
27.Rh4h3 Rd8c8
28.Bc7a5 Nd2e4
29.Ba5e1 d4
30.Rh3h4 Be7xh4
31.Be1xh4 dxe3
32.Ra1e1 Ne4g5
33.Re1e2 f5
34.Na4b2 f4
35.Nb2d3 f3
36.Re2c2 fxg2
37.Rc2xg2 e2
38.Nd3f4 e1Q
39.Bh4xe1 Qe6xe1
0-1

[Event "Défi( 10J+24H/c 10J Max )"]
[Site "www.echecsemail.com"]
[Date "2026.01.12"]
[Round "1"]
[White "Gonzok67"]
[Black "Sierra117"]
[WhiteElo "1890"]
[BlackElo "1660"]
[Result "1-0"]
1.e4 e5
2.Ng1f3 d6
3.Nb1c3 Nb8d7
4.Bf1c4 Bf8e7
5.Nc3d5 Ng8f6
6.Nd5xe7 Qd8xe7
7.O-O Nf6xe4
8.Rf1e1 Ne4f6
9.d3 c6
10.d4 e4
11.Bc1g5 h6
12.Bg5d2 d5
13.Bc4b3 exf3
14.Re1xe7 { abandon }1-0

[Event "Défi"]
[Site "www.echecsemail.com"]
[Date "2026.01.12"]
[Round "1"]
[White "Wenoketo"]
[Black "Pheno"]
[WhiteElo "1650"]
[BlackElo "1680"]
[Result "1/2-1/2"]
1.d4 d5
2.Ng1f3 Bc8g4
3.Nb1d2 Ng8f6
4.e3 Nb8c6
5.Bf1e2 e6
6.O-O Bf8d6
7.h3 h5
8.c4 Nf6e4
9.c5 Bd6e7
10.hxg4 hxg4
11.Nf3h2 g3
12.fxg3 Ne4xg3
13.Rf1f3 Ng3f5
14.Be2b5 Be7g5
15.Bb5xc6 bxc6
16.Nd2b3 Bg5h6
17.Nh2g4 Qd8h4
18.Rf3h3 Qh4e7
19.Ng4xh6 Nf5xh6
20.Nb3a5 O-O
21.Na5xc6 Qe7f6
22.Nc6e5 Ra8d8
23.Bc1d2 g5
24.Rh3g3 Nh6f5
25.Rg3f3 Kg7
26.g4 Rf8h8
27.gxf5 exf5
28.Rf3g3 Qf6h6
29.Kf2 Qh6h2
30.Rg3g2 Qh2h4
31.Kf1 Rh8h5
32.Ne5f3 Qh4e4
33.Rg2xg5 Rh5xg5
34.Nf3xg5 Qe4h1
35.Ke2 Qh1g2
36.Kd3 Qg2xg5
37.Qd1g1 Qg5xg1
38.Ra1xg1 Kf6
39.Bd2e1 Rd8h8
40.c6 Rh8h2
41.Be1c3 Rh2h3
42.Rg1f1 Kg5
43.Kc2 Kg4
44.Bc3a5 Rh3xe3
45.Ba5xc7 Re3e6
46.Rf1f4 Kg5
47.Bc7b8 Re6xc6
48.Kd3 Rc6b6
49.Bb8xa7 Rb6xb2
50.Rf4f1 Rb2xa2
51.Ba7c5 Kg4
52.Bc5d6 Ra2a6
53.Bd6b8 Ra6b6
54.Bb8c7 Rb6b3
55.Kc2 Rb3e3
56.Bc7e5 Re3e4
57.Rf1g1 Kf3
58.Rg1g7 f4
59.Rg7xf7 Ke3
60.Kc3 f3
61.Be5g3 Re4xd4
62.Rf7e7 Rd4e4
63.Re7f7 d4
64.Kc2 d3
65.Kd1 Re4a4
66.Rf7e7 Ra4e4
67.Bg3f2 Kf4
{ nul }1/2-1/2

[Event "Tournoi n27359"]
[Site "www.echecsemail.com"]
[Date "2026.01.12"]
[Round "1"]
[White "Tiounet"]
[Black "Legrillon"]
[WhiteElo "1660"]
[BlackElo "1720"]
[Result "1-0"]
1.a3 d5
2.b4 e5
3.Bc1b2 d4
4.Ng1f3 Bf8d6
5.g3 Bc8g4
6.Bf1g2 Qd8d7
7.O-O Bg4h3
8.Rf1e1 Bh3xg2
9.Kxg2 Nb8c6
10.d3 h6
11.c3 dxc3
12.Nb1xc3 Qd7e6
13.Nc3e4 Ng8f6
14.Ne4xd6 cxd6
15.Ra1c1 O-O
16.Rc1c2 d5
17.b5 Nc6e7
18.Nf3xe5 Ra8c8
19.a4 Rc8xc2
20.Qd1xc2 Rf8c8
21.Qc2b3 b6
22.f4 Ne7f5
23.Re1c1 Rc8xc1
24.Bb2xc1 Nf5d4
25.Qb3b2 Nd4f5
26.Ne5c6 Qe6d7
27.Nc6e5 Qd7c7
28.Qb2a3 Nf5d4
29.e3 Qc7c2
30.Kh3 Nd4e2
31.Bc1b2 Qc2d1
32.Qa3e7 Qd1f1
33.Kh4 Qf1g2
34.Qe7xf7 Kh8
35.Ne5g6 Kh7
36.Bb2xf6 Qg2xh2
37.Kg4 Qh2xg3
38.Kf5 Qg3h3
39.Ke5 Qh3h5
40.f5 { abandon }1-0